| 000 | 00352nam a2200145Ia 4500 | ||
|---|---|---|---|
| 999 |
_c10564 _d10564 |
||
| 003 | OSt | ||
| 005 | 20220331164925.0 | ||
| 008 | 220318s9999 xx 000 0 und d | ||
| 020 | _a9781864705775 | ||
| 082 | _a720.977132 | ||
| 100 | _aMichael J. Crosbie | ||
| 245 | 0 | _a Eaton : out of the land | |
| 260 |
_bImages Publishing Group _c2014 |
||
| 942 | _2ddc | ||